| 000 | 00343nam a2200133Ia 4500 | ||
|---|---|---|---|
| 008 | 240624s9999 xx 000 0 und d | ||
| 041 | _aeng | ||
| 082 | _a658.827 ATW | ||
| 100 | _aATWAL GLYN | ||
| 245 | _aLUXURY BRANDS IN CHINA AND INDIA | ||
| 260 |
_c2017 _aLondon _bPalgrave Macmillan |
||
| 300 | _axvii, 256 p.; 23 cm. | ||
| 365 |
_cERU _b31 |
||
| 999 |
_c30116 _d30116 |
||